000 00761nam a22002531 4500
001 33144
003 BD-RjUL
005 20211209051944.0
008 140430s1962 u b 001 0 eng
035 _a(BD-RjUL)33235
035 _a(OCoLC)522966
040 _aDLC
_cOAU
_dOCoLC
_dNSyU
_dDLC
_dBD-RjUL
_beng
041 _aeng
082 _a301.08
_bSOC 1962
245 1 0 _aSociety :
_bproblems and methods of study /
_cEdited by A. T. Welford ...[et al. ]
260 _aLondon :
_bRoutledge & K. Paul,
_cc1962.
300 _avi, 586 p. :
_bill ;
_c23 cm.
504 _aIncludes bibliographies and index.
650 0 _aSociology.
_9100678
700 _aWelford, A. T.
_9100679
_q(Alan Traviss)
942 _2ddc
_cBK
999 _c33144
_d33144